000 00558nam a2200181Ia 4500
008 100920s9999 xx 000 0 und d
082 _b77719
_a28 व 891 थ 99
100 _aदिवाण वंृदा
245 _aफुलवा.
260 _bसुरभि प्रकाशन, औरंगाबाद.
_c1999
300 _a64
_bसाधी
365 _b30
520 _aबा.वि.लघुकथा.
630 _aफुलवा.
650 _aबा.वि.लघुकथा.
730 _aफुलवा.
942 _cBOOK
999 _c718965
_d718962